Aku tidak punya pilihan

Bibliographic Details
Main Author: Abdul Manaf Mohd.Yasir
Format: Book
Published: Kuala Lumpur : DBP , 1994
Subjects:

MARC

LEADER 00000cam a2200000 7i4500
001 0000006720
002 000007245
005 20000330.0
020 |a 9836243577 
090 0 0 |a F   |b ABD 
100 0 |a Abdul Manaf Mohd.Yasir 
245 1 0 |a Aku tidak punya pilihan   |c Abdul Manaf Mohd.Yasir 
260 |a Kuala Lumpur :   |b DBP ,   |c 1994 
300 |a 95p. ;   |c 18cm. 
650 0 0 |a Young adult fiction 
999 |a 039491   |b BUKU   |c PINJAMAN   |e PERPUSTAKAAN KOMUNITI PETALING JAYA 
999 |a 039492   |b BUKU   |c PINJAMAN   |e PERPUSTAKAAN KOMUNITI PETALING JAYA